Handbook of discret and computational geometry

Furkejuvvon:
Bibliográfalaš dieđut
Váldodahkkit: Goodman, Jacob E (Dahkki), O'Rourke, Joseph (Dahkki)
Materiálatiipa: Girji
Giella:eaŋgalasgiella
Almmustuhtton: Boca Ratón CRC Press 1997
Preanttus:1a. ed
Ráidu:Discrete Mathematics and its Applications
Fáttát:
Fáddágilkorat: Lasit fáddágilkoriid
Eai fáddágilkorat, Lasit vuosttaš fáddágilkora!

MARC

LEADER 00000cam a2200000 a 4500
001 UCE5356
003 CL-VaPUC
008 141230e19970000us |||||||||||||||||eng|d
020 |a 0849385245 
082 0 4 |a 516.13  |b GOO  |2 21 
100 |a Goodman, Jacob E  |e author  |9 577951 
700 0 |a O'Rourke, Joseph  |e author  |9 577950 
245 1 0 |a Handbook of discret and computational geometry 
250 |a 1a. ed 
300 |a 991 p 
942 |c BK 
945 |d 20141230 16:04:00  |a dcastane 
260 |a Boca Ratón  |b CRC Press  |c 1997 
650 7 |a GEOMETRIA COMBINATORIA  |2 CL-VaPUC  |9 271062 
650 0 |a Matemáticas discretas  |9 390672 
583 |a last modification  |c 20141230 16:04:00  |k Rodrigo Vera 
490 0 |a Discrete Mathematics and its Applications 
999 |c 358103  |d 358101 
952 |0 0  |1 0  |3 erd  |4 0  |6 516_130000000000000_GOO_1997  |7 0  |8 A  |9 466489  |a BIBING  |b BIBING  |i 5133157  |o 516.13 GOO 1997  |p 5133157  |r 2025-01-20  |w 2019-11-23  |y BK  |z Catalogado en:20141230  |k CIC